Multicultural American history through children's literature

Αποθηκεύτηκε σε:
Λεπτομέρειες βιβλιογραφικής εγγραφής
Κύριος συγγραφέας: Ellermeyer, Deborah
Μορφή: Βιβλίο
Γλώσσα:English
Δημοσίευση: Portsmouth, NH : Teacher Ideas Press, c2003
Θέματα:
Ετικέτες: Προσθήκη ετικέτας
Δεν υπάρχουν, Καταχωρήστε ετικέτα πρώτοι!

MARC

LEADER 00000nam a2200000 i 4500
001 1/60327
008 071025s2003 eng d
020 |a 1-56308-955-6 
035 |l 10091815 
040 |a GR-MY-UA  |b gre  |e aacr 
041 0 |a eng 
082 0 |a 372.89044  |2 (22) 
100 1 |a Ellermeyer, Deborah. 
245 1 0 |a Multicultural American history through children's literature /  |c Deborah A. Ellermeyer, Kay A. Chick 
260 |a Portsmouth, NH :   |b Teacher Ideas Press,   |c c2003 
300 |a 145 σ.;  |c 28 εκ. 
504 |a Περιλαμβάνει βιβλιογραφίες και ευρετήριο 
650 0 0 |a Pluralism (Social sciences)  |z United States. 
650 0 0 |a Ethnology  |z United States  |x Study and teaching (Elementary) 
650 0 0 |a Children's literature, American  |x Study and teaching. 
651 0 |a United States  |x Ethnic relations  |x Study and teaching. 
651 0 |a United States  |x History  |x Study and teaching (Elementary) 
852 |a INST  |b RHODES  |e 20071025  |h 372.89044 ELL  |p 005400025184  |q 005400025184  |t BK  |y 0 
901 |a BIBL4-2007-3 
909 |a Ρ  |b 139738 
922 |a 4ΕΛΗ  |b 200710  |c ΕΠΕΑΕΚ2/ΠΤΔΕ  |d ΠΑΠΑΣΩΤΗΡΙΟΥ 
970 |a ΜΙΣΣΟΣ  |b ΣΤΑΥΡΟΣ  |z 2007/10/25